01051 2200337 4500001002100000005001500021035002000036007000300056040001700059245014300076250001200219300004100231020001800272041000800290082001500298084002100313090001900334264004000353336002100393337003000414338002300444650002400467850001000491008004100501100003600542700004700578990002200625990002200647990002200669990002200691INLIS00000000000724020260603095937 a0010-0822000214ta aSBPUPADbind1 aTip&Trip Memperbaiki Telepon Seluler /cPengarang,Bambang Lakso Yuwono; Editor, Theresia Arie Prabawati ;Korektor, Donald Kartika Setiawan a.-Ed. 1 aviii,152 hal. :billus. ;c12 x19 cm a979-763-648-8 aInd a621.384.56 a621.384.56 BAM t a900 MAK k 25-2 a.--Yogyakarta :bANDI Offset,c2007 2rdacontentateks 2rdamediaatanpa perantara 2rdacarrieravolume 4aTeknologi Informasi aPUPAD260603 0 0 aBambang Lakso YuwonoePengarang0 aEditor, Theresia Arie PrabawatiePengarang a27.876/H/DPK/2018 a27.878/H/DPK/2018 a27.877/P/DPK/2018 a27.879/P/DPK/2018